| 000 | 005700000a22001810004500 | ||
|---|---|---|---|
| 003 | MACL | ||
| 005 | 20160405115215.0 | ||
| 008 | 160405b xxu||||| |||| 00| 0 eng d | ||
| 040 |
_aMACL _cMACL |
||
| 041 | _aHindi | ||
| 082 | _a150 | ||
| 100 |
_aप्रो लाल बचन त्रिपाठी _950494 |
||
| 245 | _aआधुनिक सामाजिक मनोविज्ञान | ||
| 260 |
_bएच पी भार्गव बुक हाउस _c2002 _aआगरा |
||
| 350 | _a180 | ||
| 650 |
_aPsychology _950495 |
||
| 942 |
_cHIN _k150 _2ddc |
||
| 999 |
_c12448 _d12448 |
||